000 00591nam a22001937a 4500
005 20240805151929.0
010 _aENG-141187
020 _c1500.00
_a9788196775121
035 _aEN-124719
037 _bDBAD
082 _a621.36
_21
100 _aBalaram, S.
_969490
245 0 0 _aSpeaking Design/
_cBy S. Balaram
250 _a1
260 _aMumbai
_bKabdwal Book International
270 _aPlot No. 179, D/42, Raigad CHS, Sector 1, Charkop, Kandivali(W)
_bMumbai
_e400067
_morder@kabdwalbook.com
300 _a295p.
_c22cm(pbk)
942 _2ddc
_cEN
_mBAL
_h621.36
_e1
999 _c204845
_d204845